| 000 | 00675nam a2200265Ia 4500 | ||
|---|---|---|---|
| 008 | 160319s9999 xx 000 0 und d | ||
| 020 | _a0-439098602 | ||
| 050 | _aFic | ||
| 050 | _b.J73b 1999 | ||
| 100 | _aJohnston, Tony | ||
| 245 | _aBig red apple / | ||
| 245 | _cby Tony Johnston ; illustrated by Judith Hoffman Corwin. | ||
| 260 | _aNew York : | ||
| 260 | _bScholastic, | ||
| 260 | _c1999 | ||
| 300 | _a1 volume (unpaged) : | ||
| 300 | _bcolor illustrations ; | ||
| 300 | _c23 cm. | ||
| 440 | _aHello reader!, Level 1. | ||
| 650 | _aApples -- | ||
| 650 | _aApples -- | ||
| 650 | _aApples. | ||
| 650 | _xFiction. | ||
| 650 | _xJuvenile fiction. | ||
| 999 |
_c292076 _d292076 |
||